| 000 | 00471nam a2200181 a 4500 | ||
|---|---|---|---|
| 001 | BRCA_2917 | ||
| 005 | 20190320204028.0 | ||
| 008 | 121208s1943----mx-a---###---#000-0#spa-u | ||
| 050 | 4 |
_aF1227 _b.V35 1943 |
|
| 100 | 1 |
_aValle-Arizpe, Artemio de _98122 |
|
| 245 | 1 | 0 |
_aCuadros de México _cArtemio de Valle-Arizpe. |
| 260 |
_aMéxico _bJus _c1943 |
||
| 300 |
_a443 p. _bil. _c21 cm. |
||
| 500 | _aB49 | ||
| 651 | 4 |
_aMéxico _xHistoria _9614 |
|
| 902 | _aGFM | ||
| 942 |
_2lcc _cB |
||
| 999 |
_c2656 _d2656 |
||